States of the Zhou Dynasty on a Map - Statistics

General Stats
  • This quiz has been taken 101 times
  • The average score is 36 of 114
Answers on the Map
Answers color-coded by a green-red scale on the quiz's map according to % correct below.
 
Answer Stats
Tier State % Correct
1 Qi
78%
4 Ji
72%
1 Qin
72%
0 Zhou
71%
4 Zhōu
71%
1 Wu
63%
1 Jin
60%
1 Chu
58%
2 Ba
57%
3 Shen
57%
4
57%
4
57%
4 Han
55%
2 Yan
55%
4
54%
4 Yu
54%
4 Li
52%
4 Mi
51%
3 E
49%
4 Bei
48%
4 Zhen
48%
4 L'u
46%
2 Lu
46%
4
46%
4
46%
1 Song
46%
4 Wei
46%
2 Chen
45%
2 Shu
45%
4 Shū
45%
3 Tan
42%
4 Tán
42%
4
42%
4
42%
3 Tang
40%
1 Yue
40%
4 Hu
38%
4 Zhu
38%
4 Su
37%
4 Wen
37%
2 Zheng
37%
4 Gu
34%
3
34%
4
34%
4 Yáng
34%
4 Yang
34%
4 Xian
31%
4 Fán
28%
4 Fan
28%
4 Hua
28%
4 Liang
28%
2 Cao
26%
4 Dao
26%
4 Liu
26%
4 Wang
26%
4 Ying
26%
4 Yīng
26%
2 Cai
25%
4 Cheng
25%
4 Chéng
25%
3 Dai
25%
4 Dài
25%
4 Jiāng
25%
4 Jiăng
25%
3 Lai
25%
4 Lài
25%
3 Sui
25%
4 Suì
25%
4 Xiang
25%
4 Xiao
25%
3 Deng
23%
4 Ge
23%
4 Huan
23%
3 Ju
23%
4
23%
3 Luo
23%
3 Yun
23%
3 Zhongshan
23%
4 Huang
22%
4 Mao
22%
4 Bao
20%
4 Xing
20%
3 Chao
18%
4 Teng
18%
3 Yong
18%
4 Zeng
18%
4 Guo
17%
4 Guō
17%
4 Jiāo
17%
4 Jiăo
17%
4 Liao
17%
4 Tong
17%
4 Peng
15%
4 Dun
14%
4 Fei
14%
4 Gong
14%
4 Huo
14%
4 Mou
14%
2 Wey
14%
3 Zhongli
14%
4 Zou
14%
3 Nie
12%
4 Xue
11%
4 Gou
9%
3 Guzhu
9%
3 Kui
9%
3 Zhongwu
9%
4 Ruo
8%
3 Wuzhong
8%
4 Zhai
8%
3 Zhoulai
8%
4 Chunyu
6%
No matching quizzes found
Score Distribution
Percent of People with Each Score
Percentile by Number Answered
Your Score History
You have not taken this quiz